La cote d Ivoire /
Αποθηκεύτηκε σε:
| Κύριος συγγραφέας: | |
|---|---|
| Μορφή: | Άγνωστο |
| Γλώσσα: | French |
| Έκδοση: |
Paris, France:
Presses Universitaires de France,
1964
|
| Έκδοση: | 5. edición misé a jour |
| Θέματα: | |
| Ετικέτες: |
Προσθήκη ετικέτας
Δεν υπάρχουν, Καταχωρήστε ετικέτα πρώτοι!
|
MARC
| LEADER | 000000000a22000000004500 | ||
|---|---|---|---|
| 001 | 001084 | ||
| 008 | 170622s1983 fre||||| |||| 00| 0 fre d | ||
| 020 | |a 2130371485 | ||
| 040 | |a CIICLA - UCR | ||
| 041 | 0 | |a Francés | |
| 082 | |a 916.668 |b R855c | ||
| 100 | 1 | |a Rougerie, Gabriel | |
| 245 | 1 | 3 | |a La cote d Ivoire / |c Gabriel Rougerie |
| 250 | |a 5. edición misé a jour | ||
| 260 | |a Paris, France: |b Presses Universitaires de France, |c 1964 | ||
| 300 | |a 125 páginas, |b mapas | ||
| 500 | |a Número de inscripción 12945 (Colección George Yúdice) | ||
| 650 | 4 | |a COSTA DE MARFIL |x CONDICIONES ECONÓMICAS | |
| 942 | |2 ddc |c BK | ||
| 999 | |c 2202 |d 2202 | ||



